| 000 | 00344nam a22001337a 4500 | ||
|---|---|---|---|
| 020 | _a9698625127 | ||
| 040 | _cNUST | ||
| 082 |
_a658.408 _bABI |
||
| 100 |
_aS.A. Abidi _9124133 |
||
| 245 | _aVenturing Beyond Profit | ||
| 260 |
_aRawalpindi: _bPAK ARAB REFINERY PVT LTD, _c2003. |
||
| 650 |
_aVenturing Beyond Profit _9124134 |
||
| 942 |
_2ddc _cBK |
||
| 999 |
_c610091 _d610091 |
||